• 首页
  • 本馆介绍
  • 公告通知
  • 最新文献
  • 馆藏检索
  • 电子资源
  • 读者导购
  • 参考咨询
  • 我的图书馆
  • 登录
  • 详细信息显示
  • 放入我的书架
  • 预约/预借图书
  • 作者相关作品
  • 分类相关作品
  • 丛书相关作品
  • 出版社相关作品

书目信息

  • 表格格式
  • 工作单格式
  • 卡片格式
题名:
多维视角下英美女性文学研究
    
 
作者: 齐心 著
分册:  
出版信息: 长春   吉林大学出版社  2020.06
页数: 216页
开本: 24cm
丛书名:
单 册:
中图分类: I561.06 , I712.06
科图分类:
主题词: 英国文学--妇女文学--文学研究 , 妇女文学--文学研究--美国
电子资源:
ISBN: 978-7-5692-6062-5
000 00925nam0 2200253 450
001 0102100449
005 20210402100826.0
010    @a978-7-5692-6062-5@dCNY65.00
100    @a20200818d2020 em y0chiy50 ea
101 0  @achi
102    @aCN@b220000
105    @ay z 000yy
106    @ar
200 1  @a多维视角下英美女性文学研究@Aduo wei shi jiao xia ying mei nv xing wen xue yan jiu@f齐心著
210    @a长春@c吉林大学出版社@d2020.06
215    @a216页@d24cm
330    @a本书共分八个章节,追溯了20世纪英国和美国女性文学的发展历程,详细解读了其中具有代表性的女性作家、作品,对英美女性作家作品中体现的女性关怀意识、人性思考、性别身份、历史意识等主题及其创作手法进行了详细阐释。
606 0  @a英国文学@x妇女文学@x文学研究
606 0  @a妇女文学@x文学研究@y美国
690    @aI561.06@v5
690    @aI712.06@v5
701  0 @a齐心@Aqi xin@4著
801  0 @aCN@bBJSZM@c20210402
905    @b1280448-52@dI561.06@e1125@f5
    
    多维视角下英美女性文学研究/齐心著.-长春:吉林大学出版社,2020.06
    216页;24cm
    
    
    ISBN 978-7-5692-6062-5:CNY65.00
    本书共分八个章节,追溯了20世纪英国和美国女性文学的发展历程,详细解读了其中具有代表性的女性作家、作品,对英美女性作家作品中体现的女性关怀意识、人性思考、性别身份、历史意识等主题及其创作手法进行了详细阐释。
●
相关链接 在E读中查询图书 在五车中查询图书 在当当中查询图书 在豆瓣中查询图书


正题名:多维视角下英美女性文学研究     索取号:I561.06/1125         预约/预借

序号 登录号 条形码 馆藏地/架位号 状态 备注
1 1280448   212804483   教育系资料室/ [索取号:I561.06/1125] 在馆    
2 1280449   212804492   教育系资料室/ [索取号:I561.06/1125] 在馆    
3 1280450   212804508   教育系资料室/ [索取号:I561.06/1125] 在馆    
4 1280451   212804517   第二借阅区/ [索取号:I561.06/1125] 在馆    
5 1280452   212804526   第二借阅区/ [索取号:I561.06/1125] 在馆    
6 1288683   212886830   第一样本阅览室/ [索取号:I561.06/1125] 在馆    
7 1288684   212886849   第二借阅区/ [索取号:I561.06/1125] 在馆    
8 1288685   212886858   第二借阅区/ [索取号:I561.06/1125] 在馆    
9 1288686   212886867   第二借阅区/ [索取号:I561.06/1125] 在馆    
唐山师范学院图书馆 欢迎您!
大连网信软件有限公司© 版权所有